Statistics for Asian Geography By Letter - M

Click here to take the quiz!

General Stats

  • This quiz has been taken 22,695 times
    (22,666 since last reset)
  • The average score is 13 of 20

Answer Stats

Clue Answer % Correct
City that Muslims pray towardsMecca
97%
Kuala Lumpur is its capitalMalaysia
96%
Landlocked country surrounded by
Russia and China
Mongolia
96%
Chinese dialect spoken by
nearly 1 billion people
Mandarin
93%
Wealthiest city in IndiaMumbai
91%
Country also known as BurmaMyanmar
91%
Capital of the PhilippinesManila
89%
Island nation in the Indian OceanMaldives
75%
Deepest trench in the PacificMariana Trench
65%
Chinese gambling cityMacau
62%
Historical area of the Tigris
and Euphrates
Mesopotamia
61%
Capital of OmanMuscat
55%
City where Muhammad is buriedMedina
54%
Longest river in IndochinaMekong
52%
Historical region of northeast ChinaManchuria
44%
Second biggest city in IraqMosul
35%
Colonial name of ChennaiMadras
30%
Second biggest city in the above;
Namesake of a Vegas casino
Mandalay
28%
The name of China, translated directly{Middle} Kingdom
27%
Sea between the Black and
Mediterranean
Marmara
24%

Score Distribution

Percentile by Number Answered

Percent of People with Each Score

Your Score History

You have not taken this quiz since the last reset